Moc a protiváha moci v globálním věku nová ekonomie světové politiky

Uložené v:
Podrobná bibliografia
Hlavný autor: Beck, Ulrich
Ďalší autori: Bakešová, Alena, Jochmann, Vladimír
Médium: Kniha
Jazyk:Czech
Vydavateľské údaje: Praha Sociologické nakladatelství 2007
Edícia:POST 11. svazek
Predmet:
Tagy: Pridať tag
Žiadne tagy, Buďte prvý, kto otaguje tento záznam!

MARC

LEADER 00000nam$a2200000$$$4500
001 0067711
005 20240313090117.0
020 |a 978-80-86429-67-0 
041 0 |a cze 
044 |a CZ 
245 1 0 |a Moc a protiváha moci v globálním věku  |b nová ekonomie světové politiky  |c Ulrich Beck ; přeložili: Alena Bakešová a Vladimír Jochmann 
264 1 |a Praha  |b Sociologické nakladatelství  |c 2007 
300 |a 460 s. 
490 1 |a POST  |v 11. svazek 
830 0 |a POST  |v 11. svazek 
610 2 0 |a globalizácia 
610 2 0 |a vzťahy hospodárske medzinárodné 
610 2 0 |a nacionalizmus 
610 2 0 |a štát 
610 2 0 |a hospodárstvo svetové 
610 2 0 |a politika svetová 
610 2 0 |a moc politická 
100 1 |a Beck, Ulrich 
700 1 |a Bakešová, Alena 
700 1 |a Jochmann, Vladimír